000 00879cam a2200313 4500
001 ABS68222
008 040930n2004 000 0 eng u
035 _a(Sirsi) u127584
245 _aProperty nation: Greater Manchester
260 _c2004
490 _aProperty Week
_v69(39) 24 September 2004, 69-102(15)
590 _aABS
590 _aABS
650 _aGREATER MANCHESTER
650 _aMANCHESTER
650 _aURBAN REGENERATION
650 _aSALFORD
650 _aPROPERTY-COMMERCIAL PROPERTY-RETAIL PROPERTY-RETAIL PROPERTY MARKET
650 _aRETAIL DEVELOPMENT
650 _aOFFICE MARKET
650 _aAGENCY MARKET
650 _aLETTINGS MARKET
650 _aOFFICE TAKE-UP
650 _aINDUSTRIAL MARKET
650 _aSHOPPING CENTRES
650 _aLIGHT RAPID TRANSIT SYSTEMS
690 _aCOMMERCIAL PROPERTY-MARKET
942 _n0
999 _c118092
_d118092